|
|
|
|
| LEADER |
01125nam a22002897a 4500 |
| 001 |
36331 |
| 003 |
BD-DhAAL |
| 005 |
20211118113120.0 |
| 008 |
191002t2001 ne a f 000 0 eng d |
| 999 |
|
|
|c 41471
|d 41471
|
| 020 |
|
|
|a 9054960809
|
| 020 |
|
|
|a 9789054960805
|
| 040 |
|
|
|a BD-DhAAL
|
| 082 |
|
|
|a 741.672
|2 22
|
| 100 |
|
|
|a Drudi, Elisabetta.
|9 35759
|
| 245 |
|
|
|a Figure drawing for fashion design /
|c Elisabetta Drudi, Tiziana Paci.
|
| 260 |
|
|
|a Amsterdam :
|b Pepin,
|c c2001.
|
| 300 |
|
|
|a 216 pages :
|b illustrations (some colors) ;
|c 28 cm.
|
| 526 |
|
|
|a SoAD
|
| 541 |
|
|
|a Zeenat Book Supply Limited
|e 36331
|
| 650 |
|
|
|a Figure drawing
|x Technique.
|9 35760
|
| 650 |
|
|
|a Fashion drawing
|x Technique.
|9 35761
|
| 650 |
|
|
|a Architecture.
|9 42799
|
| 700 |
|
|
|a Paci, Tiziana.
|9 35762
|
| 852 |
|
|
|a School of Architecture and Design
|c General Stacks
|
| 942 |
|
|
|2 ddc
|c BK
|
| 952 |
|
|
|0 0
|1 0
|2 ddc
|4 0
|6 741_672000000000000_DRU
|7 0
|9 66586
|a BRACUL
|b BRACUL
|c GEN
|d 2019-09-30
|e Zeenat Book Supply Limited
|g 1948.00
|l 2
|m 41
|o 741.672 DRU
|p 3010036331
|r 2025-12-01
|s 2025-04-24
|t 1
|v 1948.00
|w 2019-09-30
|y BK
|x Transferred from ARC to BRACUL on 28/12/2023
|